000 00292nam a22001337a 4500
008 170928b xxu||||| |||| 00| 0 eng d
020 _a9780130992994
041 _aeng
080 _a37
100 _a47
101 _aEDU
245 _aTHE PRENTOCE HALL GUIDE
_cREID.S
942 _2udc
_cBK
999 _c30521
_d30521